| 000 | 00738 a2200205 4500 | ||
|---|---|---|---|
| 020 | _a047176986X | ||
| 020 | _a9780471769866 | ||
| 082 | 0 | 4 | _a519.233 |
| 090 |
_c788 _d788 |
||
| 100 | 1 | _aEthier, Stewart N. | |
| 245 | 1 | 0 |
_aMarkov processes : _bcharacterization and convergence / _cStewart N. Ethier, Thomas G. Kurtz. |
| 250 | _a2nd ed. | ||
| 260 |
_a[S.l.] : _bWiley-Interscience, _c2005. |
||
| 300 |
_a552 p. ; _c23 cm. |
||
| 490 | 1 | _aWiley series in probability and statistics. | |
| 700 | 1 | _aKurtz, Thomas G. | |
| 830 | 0 | _aWiley series in probability and statistics. | |
| 942 |
_aSNS _cBK _k519.233 ETH |
||
| 999 |
_c29414 _d29414 |
||